Синтез трехимпульсного регулятора САР уровня воды в барабане парового котла; Молодежь и современные информационные технологии; Т. 1
| Parent link: | Молодежь и современные информационные технологии: сборник трудов XII Всероссийской научно-практической конференции студентов, аспирантов и молодых ученых, г. Томск, 12-14 ноября 2014 г./ Национальный исследовательский Томский политехнический университет (ТПУ), Институт кибернетики (ИК) ; ред. кол. Е. А. Сикора [и др.].— , 2014 Т. 1.— 2014.— [С. 327-328] |
|---|---|
| 1. Verfasser: | |
| Körperschaft: | |
| Weitere Verfasser: | |
| Zusammenfassung: | Заглавие с титульного экрана |
| Sprache: | Russisch |
| Veröffentlicht: |
2014
|
| Schriftenreihe: | Интеллектуальные и виртуальные системы |
| Schlagworte: | |
| Online-Zugang: | http://earchive.tpu.ru/handle/11683/20151 http://www.lib.tpu.ru/fulltext/c/2014/C04/V1/155.pdf |
| Format: | MixedMaterials Elektronisch Buchkapitel |
| KOHA link: | https://koha.lib.tpu.ru/cgi-bin/koha/opac-detail.pl?biblionumber=610668 |
MARC
| LEADER | 00000naa2a2200000 4500 | ||
|---|---|---|---|
| 001 | 610668 | ||
| 005 | 20231101132623.0 | ||
| 035 | |a (RuTPU)RU\TPU\conf\8301 | ||
| 035 | |a RU\TPU\conf\8300 | ||
| 090 | |a 610668 | ||
| 100 | |a 20150202d2014 k y0rusy50 ca | ||
| 101 | 0 | |a rus | |
| 102 | |a RU | ||
| 105 | |a y z 101zy | ||
| 135 | |a drgn ---uucaa | ||
| 181 | 0 | |a i | |
| 182 | 0 | |a b | |
| 200 | 1 | |a Синтез трехимпульсного регулятора САР уровня воды в барабане парового котла |f Фам Ван Дай, Чан Тхюи Зунг | |
| 203 | |a Текст |c электронный | ||
| 225 | 1 | |a Интеллектуальные и виртуальные системы | |
| 230 | |a 1 компьютерный файл (pdf; 382 Kb) | ||
| 300 | |a Заглавие с титульного экрана | ||
| 320 | |a [Библиогр.: с. 328 (3 назв.)] | ||
| 337 | |a Adobe Reader | ||
| 461 | 1 | |0 (RuTPU)RU\TPU\conf\7802 |t Молодежь и современные информационные технологии |o сборник трудов XII Всероссийской научно-практической конференции студентов, аспирантов и молодых ученых, г. Томск, 12-14 ноября 2014 г. |o в 2 т. |f Национальный исследовательский Томский политехнический университет (ТПУ), Институт кибернетики (ИК) ; ред. кол. Е. А. Сикора [и др.] |d 2014 | |
| 463 | 0 | |0 (RuTPU)RU\TPU\conf\7790 |t Т. 1 |v [С. 327-328] |d 2014 | |
| 610 | 1 | |a труды учёных ТПУ | |
| 610 | 1 | |a электронный ресурс | |
| 610 | 1 | |a трехимпульсные регуляторы | |
| 610 | 1 | |a системы автоматического регулирования | |
| 610 | 1 | |a САР | |
| 610 | 1 | |a уровни воды | |
| 610 | 1 | |a барабаны | |
| 610 | 1 | |a паровые котлы | |
| 610 | 1 | |a котельные агрегаты | |
| 700 | 0 | |a Фам Ван Дай | |
| 701 | 0 | |a Чан Тхюи Зунг | |
| 712 | 0 | 2 | |a Национальный исследовательский Томский политехнический университет (ТПУ) |c (2009- ) |2 stltpush |3 (RuTPU)RU\TPU\col\15902 |
| 801 | 2 | |a RU |b 63413507 |c 20210319 |g RCR | |
| 856 | 4 | |u http://earchive.tpu.ru/handle/11683/20151 | |
| 856 | 4 | |u http://www.lib.tpu.ru/fulltext/c/2014/C04/V1/155.pdf | |
| 942 | |c BK | ||